000 00788nam a2200229 a 4500
999 _c2965
_d2965
001 2965
003 BD-JhCC
005 20171108192349.0
008 171108s1987 bg |||| |a|| 000 0 ben d
035 _a(BD-JhCC)2965
040 _aBD-JhCC
_dBD-JhCC
041 _aben
082 _a813.35
_bREM 1987
100 _aরেমাক, এরিখ মারিয়া
245 _aঅল কোয়ায়েট অন দ্য ওয়েস্টর্ন ফ্রন্ট /
_cএরিখ মারিয়া রেমাক,
260 _aঢাকা :
_bমুক্তধারা প্রকাশনী,
_c1987
300 _a245 p. :
_c20 cm.
650 _aFiction
700 _aহাফিজ, আবদুল (অনু)
942 _2ddc
_cBK